000 00263nam a2200097Ia 4500
001 642243
005 20250826153523.0
008 250824s9999 xx 000 0 und d
245 0 _aPERİ KIZIYLA ÇOBAN HİKAYESİ/E2
_cORHAN SEYFİ ORHON
260 _bEVEREST YAYINLARI
999 _c642243
_d642243